| 000 | nkm a22 a 4500 | ||
|---|---|---|---|
| 999 |
_c400662 _d400662 |
||
| 003 | BLK | ||
| 005 | 20220207110754.0 | ||
| 008 | 210311b bu ||||| |||| 00| 0abu d | ||
| 020 | _a978-619-7404-07-4 | ||
| 040 | _aBLK | ||
| 041 |
_aBUL _cBUL |
||
| 080 |
_aЕкслибриси. Собствени книжни знаци. Знаци за произхода на книгата. Вж и Екслибрис като приложна графика 766:097;Колекции от екслибриси 769. 3:097 _b097 _x097:061.41(497.215)(083.824) _z097:061.41(497.215)(083.824) |
||
| 080 |
_aЕскизи за екслибриси _b766:097 _x:061.41(497.215)(083.824) _z766:097:061.41(497.215)(083.824) |
||
| 110 |
_9395109 _aМеждународен конкурс Ex Libris, ХV. Русе, 2019 |
||
| 139 |
_aМеждународен конкурс Ex Libris, ХV. Русе, 2019 _bМ 45 |
||
| 240 | _aXV International Ex Libris Competition Ex Libris - Ex Cinema 2019 | ||
| 245 |
_aXV Международен конкурс за екслибрис Ex Libris - Ex Cinema 2019 _bКаталог |
||
| 260 |
_9212696 _aРусе _bРегион. библ. Любен Каравелов _c2019 _fРусе : Дема прес |
||
| 300 |
_a243 с. _bс цв. ил. _c18 x 25 см |
||
| 380 | _a0 | ||
| 500 | _aЗагл. на гърба на кн.: Ех Libris - Ex Cinema 2019 Загл. в изд. каре: Каталог Ex Libris 2019 | ||
| 650 | 7 |
_9154498 _aЕкслибриси - изложби - каталози |
|
| 653 | 7 |
_9186014 _aекслибриси |
|
| 852 |
_bК _cК 0/М 45 |
||
| 852 |
_bК _cК 0/М 45 |
||
| 852 |
_bК _cК 0/М 45 |
||
| 942 |
_cGRA _n0 _s1 |
||
| 944 |
_aCR _c2021-03-11 _kА.М. |
||
| 999 | _d400662 | ||
| 999 | _d400662 | ||
| 999 | _d400662 | ||
| 999 | _d400662 | ||
| 999 | _d400662 | ||
| 999 | _d400662 | ||
| 999 | _d400662 | ||
| 999 | _d400659 | ||
| 999 | _d400659 | ||
| 999 | _d332800 | ||
| 999 | _d332800 | ||